Países aleatorios de África secuencialmente en un mapa - Estadísticas

Estadísticas generales
  • Esta prueba ha sido intentada 15.923 veces
    13.660 desde el último reinicio
  • La puntuación promedio es 43 de 54
Respuestas en el mapa
Las respuestas están codificadas por una escala verde-roja en el mapa de la prueba según el % correcto abajo.
 
Estadísticas de respuestas
País % Correcto
Egipto
81%
Marruecos
81%
Argelia
80%
Cabo Verde
80%
Chad
80%
Lesoto
80%
Libia
80%
Madagascar
80%
Malí
80%
Níger
80%
Nigeria
80%
República Democrática del Congo
80%
Somalia
80%
Sudáfrica
80%
Sudán
80%
Túnez
80%
Angola
79%
Botsuana
79%
Eritrea
79%
Esuatini
79%
Etiopía
79%
Guinea Ecuatorial
79%
Kenia
79%
Mauricio
79%
Mauritania
79%
Mozambique
79%
Namibia
79%
República Centroafricana
79%
Ruanda
79%
Senegal
79%
Seychelles
79%
Sudán del Sur
79%
Tanzania
79%
Togo
79%
Zambia
79%
Benín
78%
Burkina Faso
78%
Camerún
78%
Comoras
78%
Costa de Marfil
78%
Gabón
78%
Gambia
78%
Ghana
78%
Guinea
78%
Malaui
78%
Santo Tomé y Príncipe
78%
Uganda
78%
Yibuti
78%
Zimbabue
78%
Burundi
77%
Guinea-Bissau
77%
Liberia
77%
República del Congo
77%
Sierra Leona
77%
No se encontraron pruebas coincidentes
Distribución de puntuación
Porcentaje de gente con cada puntuación
Porcentaje por número respondido
Historial de tus puntuaciones
No has intentado esta prueba desde el último reinicio